Jungle stories. (Record no. 1730)

MARC details
000 -LEADER
fixed length control field 01165cas a22003617a 4500
001 - CONTROL NUMBER
control field data
005 - DATE AND TIME OF LATEST TRANSACTION
control field 20260322212115.0
008 - FIXED-LENGTH DATA ELEMENTS--GENERAL INFORMATION
fixed length control field data
035 ## - SYSTEM CONTROL NUMBER
System control number 11414210
010 ## - LIBRARY OF CONGRESS CONTROL NUMBER
LC control number sf 93092625
035 ## - SYSTEM CONTROL NUMBER
System control number (OCoLC)28110238
040 ## - CATALOGING SOURCE
Original cataloging agency DLC
Language of cataloging eng
Transcribing agency DLC
Modifying agency OCLCF
-- MNU
-- OCLCF
042 ## - AUTHENTICATION CODE
Authentication code pcc
050 00 - LIBRARY OF CONGRESS CALL NUMBER
Classification number Pulp fiction box 121
130 0# - MAIN ENTRY--UNIFORM TITLE
Uniform title Jungle stories (New York, N.Y. : 1931)
245 10 - TITLE STATEMENT
Title Jungle stories.
260 ## - PUBLICATION, DISTRIBUTION, ETC.
Place of publication, distribution, etc. New York, N.Y. :
Name of publisher, distributor, etc. Clayton Magazines,
Date of publication, distribution, etc. 1931-
300 ## - PHYSICAL DESCRIPTION
Extent v.
310 ## - CURRENT PUBLICATION FREQUENCY
Current publication frequency Bimonthly
336 ## - CONTENT TYPE
Content type term text
Content type code txt
Source rdacontent
337 ## - MEDIA TYPE
Media type term unmediated
Media type code n
Source rdamedia
338 ## - CARRIER TYPE
Carrier type term volume
Carrier type code nc
Source rdacarrier
362 0# - DATES OF PUBLICATION AND/OR SEQUENTIAL DESIGNATION
Dates of publication and/or sequential designation Vol. 1, no. 1 (Aug. 1931)-
500 ## - GENERAL NOTE
General note Title from cover.
650 #0 - SUBJECT ADDED ENTRY--TOPICAL TERM
Topical term or geographic name entry element Adventure stories
Form subdivision Periodicals.
650 #7 - SUBJECT ADDED ENTRY--TOPICAL TERM
Topical term or geographic name entry element Adventure stories.
Source of heading or term fast
Authority record control number or standard number (OCoLC)fst00797462
655 #7 - INDEX TERM--GENRE/FORM
Genre/form data or focus term Periodicals.
Source of term fast
Authority record control number or standard number (OCoLC)fst01411641
776 1# - ADDITIONAL PHYSICAL FORM ENTRY
Qualifying information Microfilm
Place, publisher, and date of publication Library of Congress Preservation Microfilming Program
Record control number (OCoLC)34870982
-- (OCoLC)34870982
906 ## - LOCAL DATA ELEMENT F, LDF (RLIN)
a 7
b cbc
c serials
d u
e ncip
f 19
g n-oclcserc
991 ## -
-- c-Ser
-- Pulp fiction box 121
-- SERIALS
Holdings
Withdrawn status Lost status Damaged status Not for loan Home library Current library Shelving location Date acquired Total checkouts Full call number Barcode Date last seen Price effective from Koha item type
        Fairview Fairview General stacks 22/03/2026   Pulp fiction box 121 LOC-FPL-00015 22/03/2026 22/03/2026 Books